|
|
|
|
| LEADER |
01001nam a2200253 a 4500 |
| 001 |
12975245 |
| 008 |
101204r20042003njua b 001 0 eng d |
| 010 |
|
|
|a 2002726601
|
| 040 |
|
|
|a UKM
|c UKM
|d GZM
|d DLC
|d BD-DhAAL
|
| 020 |
|
|
|a 8120323726
|
| 020 |
|
|
|a 0130851981
|
| 082 |
0 |
4 |
|a 006.37
|2 21
|
| 100 |
1 |
|
|a Forsyth, David.
|
| 245 |
1 |
0 |
|a Computer vision :
|b a modern approach /
|c David A. Forsyth [and] Jean Ponce.
|
| 260 |
|
|
|a Upper Saddle River, N.J. ;
|a London :
|b Prentice Hall,
|c c2003 [reprinted 2004].
|
| 300 |
|
|
|a xxv, 693 p. :
|b ill. ;
|c 26 cm.
|
| 504 |
|
|
|a Includes bibliographical references (p. 643-671) and index.
|
| 541 |
1 |
|
|e 00013405
|
| 650 |
|
0 |
|a Computer vision.
|
| 650 |
|
0 |
|a Computer vision
|v Problems, exercises, etc.
|
| 700 |
1 |
|
|a Ponce, Jean.
|
| 852 |
4 |
|
|a Ayesha Abed Library
|j General Shelf.
|
| 999 |
|
|
|c 10126
|d 10126
|
| 952 |
|
|
|0 0
|1 0
|2 ddc
|4 0
|6 006_370000000000000_FOR
|7 0
|9 13401
|a BRACUL
|b BRACUL
|c GEN
|d 2010-12-04
|g 525.00
|l 7
|m 81
|o 006.37 FOR
|p 3010013405
|r 2025-12-04
|s 2025-04-20
|t 1
|w 2010-12-04
|y BK
|